[Event "11th American Continental"]
[Site "San Salvador ESA"]
[Date "2016.05.31"]
[Round "6.4"]
[White "Bruzon Batista, Lazaro"]
[Black "Mareco, Sandro"]
[Result "1/2-1/2"]
[WhiteTitle "GM"]
[BlackTitle "GM"]
[WhiteElo "2681"]
[BlackElo "2610"]
[WhiteFideId "3503739"]
[BlackFideId "112275"]
[EventDate "2016.05.28"]

1. e4 c5 2. Nf3 d6 3. Bb5+ Nd7 4. O-O Nf6 5. Re1 a6 6. Bf1 b6 7. d4 cxd4 8. Nxd4
Bb7 9. c4 e6 10. Nc3 Be7 11. f3 O-O 12. Be3 Rc8 13. Qd2 Qc7 14. Rac1 Rfe8 15.
Kh1 Qb8 16. a3 Bd8 17. Bg1 h5 18. Bf2 Ne5 19. Na4 Ng6 20. b4 Bc7 21. c5 b5 22.
c6 Ba8 23. Nc3 Bb6 24. a4 e5 25. Nf5 Bxf2 26. Qxf2 Bxc6 27. axb5 axb5 28. Red1
Red8 29. Qa2 1/2-1/2

[Event "11th American Continental"]
[Site "San Salvador ESA"]
[Date "2016.06.05"]
[Round "11.1"]
[White "Ortiz Suarez, Isan Reynaldo"]
[Black "Cu Hor, Winston Darwin"]
[Result "0-1"]
[WhiteTitle "GM"]
[BlackTitle "FM"]
[WhiteElo "2578"]
[BlackElo "2305"]
[WhiteFideId "3507165"]
[BlackFideId "7300662"]
[EventDate "2016.05.28"]

1. e4 c5 2. Nf3 d6 3. d4 Nf6 4. Nc3 cxd4 5. Nxd4 a6 6. Bg5 e6 7. f4 Qc7 8. Bxf6
gxf6 9. Qd3 b5 10. Be2 b4 11. Nd1 Nd7 12. Bh5 Nc5 13. Qe3 Bh6 14. O-O e5 15. Ne2
Ne6 16. Qf2 Nxf4 17. Nxf4 exf4 18. Ne3 Be6 19. Nf5 Bxf5 20. exf5 O-O 21. Bf3
Rac8 22. Qh4 Kg7 23. Qg4+ Bg5 24. h4 h5 25. Qh3 Bh6 26. Rf2 Qa7 27. Kf1 Qd4 28.
Bxh5 Qxb2 29. Qg4+ Kh8 30. Qd1 Qe5 31. Rb1 a5 32. Rb3 Rc4 33. Rd3 f3 34. g4 Re4
35. Rdxf3 Re8 36. Kg2 Re1 37. Qd3 Be3 38. Rf1 Bc5 39. Kh3 Re2 40. Rg3 Bf2 41.
Rf3 Bg1 42. g5 Qh2+ 0-1